[Event "Paignton Premier 45th"]
[Site "Paignton"]
[Date "1995.09.05"]
[Round "3.8"]
[White "Thompson, Ian D"]
[Black "Cock, John Crowle"]
[Result "0-1"]
[WhiteElo "2310"]
[BlackElo "1888"]
[PlyCount "242"]
[EventDate "1995.09.03"]
[EventType "swiss"]
[EventRounds "7"]
[EventCountry "ENG"]
[SourceTitle "BritBase"]
[Source "John Saunders"]
[SourceDate "2023.06.09"]
[SourceVersion "1"]
[SourceVersionDate "2023.06.09"]
[SourceQuality "1"]

1. c4 Nf6 2. Nc3 c5 3. g3 g6 4. Bg2 Bg7 5. e4 Nc6 6. Nge2 O-O 7. d3 d6 8. O-O
e5 9. f4 Bg4 10. f5 Nd4 11. h3 Bxe2 12. Nxe2 Nxe2+ 13. Qxe2 h6 14. h4 Nh7 15.
Be3 g5 16. f6 Bxf6 17. Rf5 Bg7 18. hxg5 Nxg5 19. Bxg5 hxg5 20. Kf2 Bf6 21. Ke3
Kg7 22. Raf1 Be7 23. Bh3 f6 24. R5f2 Rh8 25. Qg4 Rh6 26. Qe6 Qc7 27. Bg4 Rf8
28. Rf5 Bd8 29. Bd1 Rh2 30. R5f2 Rxf2 31. Rxf2 Rh8 32. Bg4 Rh1 33. Qe8 Qe7 34.
Qb5 b6 35. Qc6 Kf8 36. Qc8 Kg7 37. Qf5 Qe8 38. Bf3 Rh6 39. Bg4 Qe7 40. Qc8 Qc7
41. Qe6 Rh1 42. Kf3 Qe7 43. Qf5 Kf8 44. Bh3 Kg7 45. Kg2 Rd1 46. Qf3 Rc1 47. Bf5
Qf8 48. Bg4 Qh8 49. Bh5 Be7 50. Qg4 Qh7 51. Qf3 Qh8 52. Re2 a6 53. Kf2 b5 54.
b3 Ra1 55. Ke3 Bd8 56. g4 Ba5 57. Qf5 Qd8 58. Qg6+ Kh8 59. Qh6+ Kg8 60. Rh2 Qe7
61. Qg6+ Kf8 62. Rf2 Re1+ 63. Kf3 Rg1 64. a3 Be1 65. Rh2 Bg3 66. Rc2 Bf4 67.
cxb5 axb5 68. a4 b4 69. Ra2 Rg3+ 70. Kf2 Rxd3 71. a5 c4 72. Qh6+ Qg7 73. Qxg7+
Kxg7 74. a6 Be3+ 75. Ke2 Ba7 76. Ra5 Rxb3 77. Rb5 Rb2+ 78. Kd1 Bd4 79. Ra5 b3
80. a7 Bxa7 81. Rxa7+ Kh6 82. Rc7 Rf2 83. Kc1 Rc2+ 84. Kb1 c3 85. Bf7 Rb2+ 86.
Kc1 Rc2+ 87. Kb1 Rg2 88. Rxc3 Rxg4 89. Rh3+ Rh4 90. Rxb3 Rxe4 91. Rd3 g4 92.
Kc2 Kg5 93. Kd2 f5 94. Rxd6 f4 95. Rg6+ Kh4 96. Be6 f3 97. Bxg4 Rxg4 98. Rf6
Rf4 99. Rh6+ Kg5 100. Rh1 Re4 101. Rg1+ Kf4 102. Rg8 Re2+ 103. Kd1 Rg2 104. Ra8
e4 105. Ke1 Re2+ 106. Kf1 Rc2 107. Ra4 Ke3 108. Ra3+ Kd4 109. Ra4+ Kd3 110.
Ra3+ Rc3 111. Ra8 e3 112. Rd8+ Kc4 113. Rc8+ Kb4 114. Rb8+ Ka5 115. Rb1 Ka4
116. Ke1 Ka3 117. Kd1 Rb3 118. Ra1+ Kb4 119. Ra8 Rb1+ 120. Kc2 Re1 121. Kd3 f2
0-1

[Event "Paignton Premier 45th"]
[Site "Paignton"]
[Date "1995.09.05"]
[Round "3.9"]
[White "Parr, David"]
[Black "Brusey, Alan W"]
[Result "1/2-1/2"]
[WhiteElo "2220"]
[BlackElo "2016"]
[PlyCount "102"]
[EventDate "1995.09.03"]
[EventType "swiss"]
[EventRounds "7"]
[EventCountry "ENG"]
[SourceTitle "BritBase"]
[Source "John Saunders"]
[SourceDate "2023.06.09"]
[SourceVersion "1"]
[SourceVersionDate "2023.06.09"]
[SourceQuality "1"]

1. e4 e6 2. d4 d5 3. Nc3 Bb4 4. e5 c5 5. a3 Bxc3+ 6. bxc3 Ne7 7. Qg4 O-O 8. Nf3
Nbc6 9. Bd3 f5 10. exf6 Rxf6 11. Bg5 Rf7 12. Bxe7 Rxe7 13. Qh4 g6 14. O-O Bd7
15. Rfe1 c4 16. Bf1 Qe8 17. g3 e5 18. Nxe5 Nxe5 19. dxe5 Rxe5 20. Rxe5 Qxe5 21.
Qd4 Re8 22. Bg2 Bc6 23. Qxe5 Rxe5 24. Kf1 Kf7 25. Re1 Rxe1+ 26. Kxe1 Ke6 27.
Kd2 Kd6 28. f4 Bd7 29. Bf3 h5 30. Bg2 Bf5 31. Bf3 Kc5 32. Bg2 b6 33. Bf3 a5 34.
Bg2 Be6 35. Bf3 Kb5 36. Kc1 Ka4 37. Kb2 b5 38. Bg2 (38. f5 $5 Bxf5 $8 (38...
gxf5 $2 39. Bxh5 d4 40. Be8 $1 d3 41. cxd3 cxd3 42. h4 d2 43. Kc2 $18) 39. Bxd5
$11) 38... b4 39. axb4 axb4 40. cxb4 Kxb4 41. c3+ Kc5 42. Kc2 d4 43. Kd2 d3 44.
Be4 Bf5 45. Bf3 Kd6 46. Ke3 Ke7 47. h4 Kf6 48. Kd2 Be6 49. Be4 Bg8 50. Ke3 Bf7
51. Kd2 Be6 1/2-1/2

[Event "Paignton Premier 45th"]
[Site "Paignton"]
[Date "1995.09.05"]
[Round "3.10"]
[White "Brogden, John G"]
[Black "Crickmore, Neil EG"]
[Result "0-1"]
[WhiteElo "1888"]
[BlackElo "2160"]
[PlyCount "160"]
[EventDate "1995.09.03"]
[EventType "swiss"]
[EventRounds "7"]
[EventCountry "ENG"]
[SourceTitle "BritBase"]
[Source "John Saunders"]
[SourceDate "2023.06.09"]
[SourceVersion "1"]
[SourceVersionDate "2023.06.09"]
[SourceQuality "1"]

1. d4 e6 2. c4 d5 3. Nc3 Nf6 4. Bg5 Be7 5. e3 O-O 6. Nf3 h6 7. Bh4 b6 8. cxd5
Nxd5 9. Bxe7 Qxe7 10. Nxd5 exd5 11. Rc1 Be6 12. Qa4 c5 13. Qa3 Rc8 14. Bb5 Qb7
15. Be2 c4 16. O-O Nd7 17. Ne5 b5 18. Qd6 Nf6 19. f3 a5 20. Ng4 Bxg4 21. fxg4
Ra6 22. Qf4 Re8 23. g5 hxg5 24. Qxg5 Ne4 25. Qh4 Rh6 26. Qe1 Qc7 27. h3 Ng5 28.
Bg4 Ne4 29. Rc2 b4 30. Bf3 Rf6 31. Qh4 Ng3 32. Re1 Ne4 33. Bxe4 Rxe4 34. Qh5
Qd6 35. Rce2 Qe6 36. Qg5 g6 37. Qg3 Kg7 38. Qh2 ({Both scoresheets give} 38.
Kh2 {here but it is evident that both players were in time trouble and one may
have copied the other's scoresheet. The problem with 38 Kh2 is that it cannot
be reconciled with the score from move 40 where 40 Kf2 Rf6+ is given, so I
have interpolated this "pass move" in order to get the game back on the rails.}
) 38... Qd6 39. Qxd6 Rxd6 40. Kf2 Rf6+ 41. Kg1 Rfe6 42. g3 f5 43. h4 Kf6 44.
Kf2 Ke7 45. Kf3 a4 46. Rh1 Kf7 47. Rb1 Kg7 48. Rh1 Rb6 49. Rc1 Ree6 50. Rg2
Rec6 51. Kf4 Kf6 52. g4 fxg4 53. e4 dxe4 54. d5 Rc8 55. Kxe4 c3 56. Kd4 cxb2
57. Rf1+ Kg7 58. Rxb2 b3 59. axb3 axb3 60. Rfb1 Rb4+ 61. Ke5 Rc3 62. Ke6 Rb6+
63. Ke5 Rb4 64. Rd1 Kf7 65. Kd6 g3 66. Kd7 Rc2 67. Rf1+ Kg7 68. Rbb1 g2 69. Rg1
b2 70. d6 Rg4 71. Ke7 Rc1 72. Rbxc1 bxc1=Q 73. Rxc1 g1=Q 74. Rxg1 Rxg1 75. d7
Re1+ 76. Kd6 Rd1+ 77. Kc7 Kh6 78. d8=Q Rxd8 79. Kxd8 Kh5 80. Ke7 Kxh4 0-1

[Event "Paignton Premier 45th"]
[Site "Paignton"]
[Date "1995.09.05"]
[Round "3.11"]
[White "Phillips, Alan"]
[Black "Peters, Stephen G"]
[Result "0-1"]
[WhiteElo "2160"]
[BlackElo "2144"]
[PlyCount "91"]
[EventDate "1995.09.03"]
[EventType "swiss"]
[EventRounds "7"]
[EventCountry "ENG"]
[SourceTitle "BritBase"]
[Source "John Saunders"]
[SourceDate "2023.06.09"]
[SourceVersion "1"]
[SourceVersionDate "2023.06.09"]
[SourceQuality "1"]

1. e4 e6 2. d3 d5 3. Nd2 Nf6 4. Ngf3 Be7 5. g3 O-O 6. Bg2 c5 7. O-O Nc6 8. c3
b6 9. Re1 Qc7 10. Qe2 a5 11. e5 Nd7 12. a4 Ba6 13. h4 b5 14. axb5 Bxb5 15. Nf1
Nb6 16. N1h2 a4 17. Bg5 Rfb8 18. Ng4 a3 19. b3 c4 20. bxc4 dxc4 21. d4 Nd5 22.
Bxe7 Ncxe7 23. Ng5 Bd7 24. Qc2 Nf5 25. Bxd5 exd5 26. e6 Bxe6 27. Nxe6 fxe6 28.
Rxe6 Qf7 29. Re5 Nd6 30. Ne3 Ra5 31. Ra2 Qf3 32. Ng2 Ne4 33. Ne1 Qxc3 34. Qd1
Rab5 35. Ra1 Rf8 36. Rc1 Qd2 37. Qxd2 Nxd2 38. Ra1 Ra8 39. Kg2 Rb1 40. Rxb1
Nxb1 41. Rxd5 a2 42. Nc2 Na3 43. Na1 c3 44. Rc5 c2 45. d5 Rd8 46. Nb3 0-1

[Event "Paignton Premier 45th"]
[Site "Paignton"]
[Date "1995.09.05"]
[Round "3.12"]
[White "Rety, John"]
[Black "Wheeler, John Francis"]
[Result "0-1"]
[WhiteElo "1872"]
[BlackElo "2128"]
[PlyCount "50"]
[EventDate "1995.09.03"]
[EventType "swiss"]
[EventRounds "7"]
[EventCountry "ENG"]
[SourceTitle "BritBase"]
[Source "John Saunders"]
[SourceDate "2023.06.09"]
[SourceVersion "1"]
[SourceVersionDate "2023.06.09"]
[SourceQuality "1"]

1. c4 Nf6 2. Nc3 g6 3. g3 Bg7 4. Bg2 O-O 5. Nf3 d6 6. O-O Nc6 7. d3 e5 8. Bd2
Re8 9. Qc1 Nd4 10. e3 Nxf3+ 11. Bxf3 c6 12. Qc2 d5 13. cxd5 cxd5 14. Rac1 Bh3
15. Rfe1 Qd7 16. Bg2 Rac8 17. Qb3 e4 18. dxe4 dxe4 19. Qb5 Rc6 20. Qb4 Bxg2 21.
Kxg2 Qxd2 22. Red1 Rb6 23. Qa3 Qxb2 24. Qxa7 Ng4 25. Nxe4 Rxe4 0-1

[Event "Paignton Premier 45th"]
[Site "Paignton"]
[Date "1995.09.05"]
[Round "3.13"]
[White "Parr, Frank"]
[Black "Benson, Paul J"]
[Result "1-0"]
[WhiteElo "2165"]
[BlackElo "1936"]
[PlyCount "47"]
[EventDate "1995.09.03"]
[EventType "swiss"]
[EventRounds "7"]
[EventCountry "ENG"]
[SourceTitle "BritBase"]
[Source "John Saunders"]
[SourceDate "2023.06.09"]
[SourceVersion "1"]
[SourceVersionDate "2023.06.09"]
[SourceQuality "1"]

1. d4 f5 2. Nf3 Nf6 3. g3 g6 4. Bg2 Bg7 5. O-O O-O 6. c4 c6 7. b3 Na6 8. Bb2
Qe8 9. Nbd2 h6 10. Re1 d6 11. e4 fxe4 12. Nxe4 Nxe4 13. Rxe4 Bf5 14. Re3 Nb4
15. Nh4 Bc2 16. Qd2 g5 17. Nf3 c5 18. a3 Rxf3 19. Bxf3 cxd4 20. Bxd4 Bxd4 21.
Qxd4 Nc6 22. Bxc6 bxc6 23. Rae1 Qg6 24. Re6 1-0

[Event "Paignton Premier 45th"]
[Site "Paignton"]
[Date "1995.09.05"]
[Round "3.14"]
[White "Wright, Andrew D"]
[Black "Hempson, Peter W"]
[Result "0-1"]
[WhiteElo "1560"]
[BlackElo "2255"]
[PlyCount "122"]
[EventDate "1995.09.03"]
[EventType "swiss"]
[EventRounds "7"]
[EventCountry "ENG"]
[SourceTitle "BritBase"]
[Source "John Saunders"]
[SourceDate "2023.06.09"]
[SourceVersion "1"]
[SourceVersionDate "2023.06.09"]
[SourceQuality "1"]

1. d4 e6 2. c4 f5 3. Nf3 Nf6 4. Nc3 d5 5. Bg5 c6 6. e3 Nbd7 7. Bd3 h6 8. Bxf6
Nxf6 9. h4 Bd6 10. h5 Ne4 11. Bxe4 fxe4 12. Nh4 Qg5 13. Ng6 Qxg2 14. Kd2 Qxf2+
15. Qe2 Qxe2+ 16. Kxe2 Rg8 17. Raf1 Bd7 18. Rf2 O-O-O 19. c5 Bc7 20. Ne7+ Kb8
21. Nxg8 Rxg8 22. Rhf1 Bd8 23. Rf8 Rxf8 24. Rxf8 Kc7 25. Nd1 Bf6 26. Nf2 e5 27.
dxe5 Bxe5 28. b3 Be6 29. Nh1 Kd7 30. Kf2 Bf6 31. Ng3 a6 32. Ne2 Be7 33. Rb8 Kc7
34. Re8 Bh4+ 35. Kg2 Bf7 36. Rf8 Bxh5 37. Nf4 Be7 38. Rg8 Bf3+ 39. Kg3 Bxc5 40.
Ne6+ Kb6 41. Nxc5 Kxc5 42. Rxg7 b6 43. Rg6 h5 44. Kf4 a5 45. Ke5 b5 46. a3 b4
47. axb4+ axb4 48. Rg1 Kb6 49. Kd6 d4 50. exd4 e3 51. Ke5 e2 52. Kf4 Bd5 53.
Re1 Bxb3 54. Rxe2 Bd5 55. Ke3 Kb5 56. Rh2 Kc4 57. Kd2 Be4 58. Kc1 Bf3 59. Rd2
Kc3 60. Rf2 Be4 61. Rh2 b3 {(n.b. the scoresheets appear to be complete so it
is to be assumed White resigned here. Engines adjudge the position to be drawn)
} 0-1

[Event "Paignton Premier 45th"]
[Site "Paignton"]
[Date "1995.09.05"]
[Round "3.15"]
[White "Isherwood, Paul"]
[Black "Moore, Gerald"]
[Result "0-1"]
[WhiteElo "1832"]
[BlackElo "2210"]
[PlyCount "60"]
[EventDate "1995.09.03"]
[EventType "swiss"]
[EventRounds "7"]
[EventCountry "ENG"]
[SourceTitle "BritBase"]
[Source "John Saunders"]
[SourceDate "2023.06.09"]
[SourceVersion "1"]
[SourceVersionDate "2023.06.09"]
[SourceQuality "1"]

1. e4 c5 2. Nf3 e6 3. d4 cxd4 4. Nxd4 Nf6 5. Nc3 d6 6. f4 Nc6 7. Nf3 Be7 8. Bd3
a6 9. O-O b5 10. a3 Bb7 11. Qe1 b4 12. axb4 Nxb4 13. e5 Nxd3 14. cxd3 dxe5 15.
fxe5 Ng4 16. Qg3 Bc5+ 17. Kh1 Qxd3 18. Bg5 h5 19. Rad1 Qf5 20. Na4 Ba7 21. Qh4
Bxf3 22. Rxf3 Nf2+ 23. Rxf2 Bxf2 24. Qb4 Qxg5 25. Qd6 Rd8 26. Qc6+ Kf8 27. Rf1
Qxe5 28. Nc3 Bc5 29. Ne4 Bd6 30. g3 Qd5 0-1

[Event "Paignton Premier 45th"]
[Site "Paignton"]
[Date "1995.09.05"]
[Round "3.16"]
[White "Southall, Andrew C"]
[Black "Williams, Philip J"]
[Result "1-0"]
[WhiteElo "2192"]
[BlackElo "1832"]
[PlyCount "39"]
[EventDate "1995.09.03"]
[EventType "swiss"]
[EventRounds "7"]
[EventCountry "ENG"]
[SourceTitle "BritBase"]
[Source "John Saunders"]
[SourceDate "2023.06.09"]
[SourceVersion "1"]
[SourceVersionDate "2023.06.09"]
[SourceQuality "1"]

1. e4 c6 2. d4 d5 3. e5 Bf5 4. Nf3 e6 5. Nbd2 c5 6. c4 Nc6 7. cxd5 exd5 8. Bb5
cxd4 $2 9. O-O $16 Bc5 10. Nb3 Bb6 11. Nbxd4 Nge7 12. Bg5 Bd7 13. Bxc6 bxc6 14.
Re1 O-O 15. e6 fxe6 16. Nxe6 Bxe6 17. Rxe6 Re8 18. Qe2 Bc5 19. Re1 Kf8 20. Ne5
1-0

[Event "Paignton Premier 45th"]
[Site "Paignton"]
[Date "1995.09.05"]
[Round "3.18"]
[White "George, Ian M"]
[Black "White, Mark W"]
[Result "1-0"]
[WhiteElo "2072"]
[BlackElo "1992"]
[PlyCount "63"]
[EventDate "1995.09.03"]
[EventType "swiss"]
[EventRounds "7"]
[EventCountry "ENG"]
[SourceTitle "BritBase"]
[Source "John Saunders"]
[SourceDate "2023.06.09"]
[SourceVersion "1"]
[SourceVersionDate "2023.06.09"]
[SourceQuality "1"]

1. e4 c5 2. Nf3 Nc6 3. Bb5 g6 4. O-O Bg7 5. Re1 d6 6. Bxc6+ bxc6 7. h3 e6 8. c3
Ne7 9. d4 cxd4 10. cxd4 Qb6 11. Nc3 O-O 12. Rb1 h6 13. Bf4 Rd8 14. Qd2 Kh7 15.
b4 e5 16. Be3 exd4 17. Bxd4 Bxd4 18. Nxd4 d5 19. Na4 Qc7 20. e5 Nf5 21. Rbc1
Nxd4 22. Qxd4 Rb8 23. Rc5 Rb5 24. Rxb5 cxb5 25. Nc5 Be6 26. Re3 a5 27. Nxe6
fxe6 28. Rc3 Qb7 29. bxa5 Rc8 30. Qb6 $1 Qd7 31. Rxc8 Qxc8 32. a6 1-0

[Event "Paignton Premier 45th"]
[Site "Paignton"]
[Date "1995.09.05"]
[Round "3.19"]
[White "Tonkin, David S"]
[Black "Waldteufel, Roberto E"]
[Result "0-1"]
[WhiteElo "1576"]
[BlackElo "1904"]
[PlyCount "114"]
[EventDate "1995.09.03"]
[EventType "swiss"]
[EventRounds "7"]
[EventCountry "ENG"]
[SourceTitle "BritBase"]
[Source "John Saunders"]
[SourceDate "2023.06.09"]
[SourceVersion "1"]
[SourceVersionDate "2023.06.09"]
[SourceQuality "1"]

1. d4 d5 2. Nf3 Nf6 3. Bg5 e6 4. e3 Nbd7 5. Bd3 c5 6. c3 Qc7 7. Nbd2 Be7 8. O-O
b6 9. Rc1 Bb7 10. Re1 O-O 11. Bb5 Bd6 12. Bxf6 Nxf6 13. Bd3 Ne4 14. Nf1 f5 15.
Bxe4 fxe4 16. Ng5 Rf6 17. f4 exf3 18. Nxf3 Raf8 19. Qe2 Qf7 20. N1d2 Qh5 21.
Ne5 Qxe2 22. Rxe2 Bxe5 23. dxe5 Rf5 24. Nf3 g5 25. h3 h5 26. a3 Kg7 27. b4 Kh6
28. b5 g4 29. hxg4 hxg4 30. Nh4 Rxe5 31. g3 Re4 32. Rh2 Kg7 33. Re2 e5 34. Rf1
Rxf1+ 35. Kxf1 Bc8 36. Ng2 Bd7 37. Rd2 Bxb5+ 38. Kf2 Bc6 39. Ne1 Rc4 40. Nd3
Kf6 41. Rc2 d4 42. exd4 exd4 43. Nf4 Rxc3 44. Rxc3 dxc3 45. Ke3 c2 46. Kd2 Be4
47. Ne2 Ke5 48. Nc3 Bh7 49. Nb5 a6 50. Nc3 b5 51. Ne2 a5 52. Nc3 b4 53. axb4
cxb4 54. Kc1 b3 55. Kb2 Bg8 56. Kc1 Kd4 57. Ne2+ Ke3 0-1

[Event "Paignton Premier 45th"]
[Site "Paignton"]
[Date "1995.09.06"]
[Round "4.1"]
[White "Lane, Gary William"]
[Black "Buckley, Graeme N"]
[Result "0-1"]
[WhiteElo "2400"]
[BlackElo "2355"]
[PlyCount "46"]
[EventDate "1995.09.03"]
[EventType "swiss"]
[EventRounds "7"]
[EventCountry "ENG"]
[SourceTitle "BritBase"]
[Source "John Saunders"]
[SourceDate "2023.06.09"]
[SourceVersion "1"]
[SourceVersionDate "2023.06.09"]
[SourceQuality "1"]

1. e4 c5 2. Nc3 e6 3. Nf3 d6 4. d4 cxd4 5. Nxd4 Nf6 6. f4 Be7 7. Bd3 O-O 8. Nf3
Bd7 9. O-O Bc6 10. Qe1 Na6 11. b3 Nc5 12. Bb2 b5 13. e5 $2 Nxd3 14. cxd3 dxe5
15. Nxe5 Bb7 16. Kh1 Rc8 17. Rf2 Bc5 18. Re2 {(draw offer?)} Nh5 19. d4 Bxd4
20. Nxb5 Bxb2 21. Rxb2 Nxf4 22. Qg3 Qf6 23. Re1 Rc5 0-1

[Event "Paignton Premier 45th"]
[Site "Paignton"]
[Date "1995.09.06"]
[Round "4.2"]
[White "Mordue, A Tyson"]
[Black "Lamb, Harry"]
[Result "1-0"]
[WhiteElo "2230"]
[BlackElo "2260"]
[PlyCount "123"]
[EventDate "1995.09.03"]
[EventType "swiss"]
[EventRounds "7"]
[EventCountry "ENG"]
[SourceTitle "BritBase"]
[Source "John Saunders"]
[SourceDate "2023.06.09"]
[SourceVersion "1"]
[SourceVersionDate "2023.06.09"]
[SourceQuality "1"]

1. e4 e6 2. d4 d5 3. Nd2 Nf6 4. Bd3 c5 5. e5 Nfd7 6. c3 Nc6 7. Ne2 f6 8. exf6
Qxf6 9. Nf3 cxd4 10. Bg5 Qf7 11. cxd4 Bb4+ 12. Bd2 Nf6 13. Bxb4 Nxb4 14. Qa4+
Nc6 15. Ne5 Qc7 16. Bb5 Bd7 17. Rc1 Rc8 18. Qa3 Ne4 19. O-O a6 20. Bxc6 Bxc6
21. Nf4 Qe7 22. Qh3 O-O 23. Qxe6+ Qxe6 24. Nxe6 Rf6 25. Nc5 Rd8 26. f3 Ng5 27.
Rfd1 a5 28. h4 Nf7 29. Nxf7 Rxf7 30. Nd3 Kf8 31. Ne5 Rf6 32. Kf2 Ke7 33. Rc5
Ra8 34. g3 Kd6 35. Rdc1 Ra6 36. Nd3 Rf7 37. Re1 Re7 38. Rxe7 Kxe7 39. Nf4 Kd6
40. Nh5 b6 41. Rc3 Ra7 42. Nf4 b5 43. Re3 Bd7 44. Re5 Bc6 45. Nd3 Rf7 46. g4 b4
47. Kg3 Bb5 48. Nc5 Re7 49. Rxe7 Kxe7 50. Kf4 Be2 51. g5 Bd1 52. Ke5 Bxf3 53.
a3 bxa3 54. bxa3 h6 55. Nb7 hxg5 56. hxg5 Kd7 57. Nxa5 Kc7 58. Nb3 Kc6 59. Nc5
Kb5 60. Ne6 Ka4 61. Nxg7 Kxa3 62. Nf5 1-0

[Event "Paignton Premier 45th"]
[Site "Paignton"]
[Date "1995.09.06"]
[Round "4.3"]
[White "Richardson, Kevin Derek"]
[Black "Smith, Alan A"]
[Result "1/2-1/2"]
[WhiteElo "2170"]
[BlackElo "2255"]
[PlyCount "52"]
[EventDate "1995.09.03"]
[EventType "swiss"]
[EventRounds "7"]
[EventCountry "ENG"]
[SourceTitle "BritBase"]
[Source "John Saunders"]
[SourceDate "2023.06.09"]
[SourceVersion "1"]
[SourceVersionDate "2023.06.09"]
[SourceQuality "1"]

1. e4 c5 2. Nf3 d6 3. Bb5+ Bd7 4. Bxd7+ Qxd7 5. O-O e6 6. c3 Nf6 7. Re1 Nc6 8.
d4 cxd4 9. cxd4 d5 10. e5 Ne4 11. Ng5 Nxg5 12. Bxg5 Be7 13. Bxe7 Qxe7 14. a3
Qh4 15. Nc3 a6 16. Ne2 O-O 17. Rc1 Rac8 18. Rc3 h6 19. Rh3 Qe4 20. Re3 Qh7 21.
Nf4 Ne7 22. Rc3 Rxc3 23. bxc3 Rc8 24. Qb3 b5 25. a4 Qf5 26. g3 Ng6 1/2-1/2

[Event "Paignton Premier 45th"]
[Site "Paignton"]
[Date "1995.09.06"]
[Round "4.4"]
[White "Arkell, Keith C"]
[Black "Parr, Frank"]
[Result "1-0"]
[WhiteElo "2505"]
[BlackElo "2165"]
[PlyCount "77"]
[EventDate "1995.09.03"]
[EventType "swiss"]
[EventRounds "7"]
[EventCountry "ENG"]
[SourceTitle "BritBase"]
[Source "John Saunders"]
[SourceDate "2023.06.09"]
[SourceVersion "1"]
[SourceVersionDate "2023.06.09"]
[SourceQuality "1"]

1. d4 f5 2. g3 Nf6 3. Bg2 e6 4. Nd2 d5 5. c4 c6 6. Nh3 Bd6 7. O-O O-O 8. Nf3
Ne4 9. Qc2 Nd7 10. Nf4 Qe8 11. h4 Ndf6 12. Ne5 Be7 13. b3 Nh5 14. Nxh5 Qxh5 15.
Bf3 Qe8 16. Bf4 Bf6 17. Kg2 Qe7 18. Rh1 Bd7 19. b4 Be8 20. Rab1 Nd6 21. c5 Bxe5
22. dxe5 Nc4 23. Qc3 a5 24. a3 Qc7 25. Rb3 Bd7 26. h5 Rfb8 27. g4 Rf8 28. e3
fxg4 29. Bxg4 axb4 30. Qxb4 Na5 31. Rbb1 Rfb8 32. Be2 Be8 33. Rh3 Qe7 34. Rg3
Nc4 35. Bg5 Qc7 36. Bf6 b6 37. Rxg7+ Qxg7+ 38. Bxg7 Kxg7 39. cxb6 1-0

[Event "Paignton Premier 45th"]
[Site "Paignton"]
[Date "1995.09.06"]
[Round "4.5"]
[White "Peters, Stephen G"]
[Black "Franklin, Michael J"]
[Result "1-0"]
[WhiteElo "2144"]
[BlackElo "2260"]
[PlyCount "45"]
[EventDate "1995.09.03"]
[EventType "swiss"]
[EventRounds "7"]
[EventCountry "ENG"]
[SourceTitle "BritBase"]
[Source "John Saunders"]
[SourceDate "2023.06.09"]
[SourceVersion "1"]
[SourceVersionDate "2023.06.09"]
[SourceQuality "1"]

1. d4 Nf6 2. c4 e6 3. Nc3 Bb4 4. e3 Nc6 5. Bd3 e5 6. Nge2 O-O 7. O-O Bxc3 8.
bxc3 d6 9. e4 Re8 10. f3 h6 11. Be3 Na5 12. Ng3 Be6 13. Qe2 b6 14. h3 g5 15. h4
gxh4 16. Nf5 Bxf5 17. exf5 Nh5 18. f4 exd4 19. Qg4+ Kf8 20. Bxd4 c5 21. Bh8 Re3
22. Qxh5 Rxd3 23. Rae1 1-0

[Event "Paignton Premier 45th"]
[Site "Paignton"]
[Date "1995.09.06"]
[Round "4.6"]
[White "Wheeler, John Francis"]
[Black "Cole, Roland B"]
[Result "0-1"]
[WhiteElo "2128"]
[BlackElo "2250"]
[PlyCount "68"]
[EventDate "1995.09.03"]
[EventType "swiss"]
[EventRounds "7"]
[EventCountry "ENG"]
[SourceTitle "BritBase"]
[Source "John Saunders"]
[SourceDate "2023.06.09"]
[SourceVersion "1"]
[SourceVersionDate "2023.06.09"]
[SourceQuality "1"]

1. d4 Nf6 2. c4 g6 3. Nc3 Bg7 4. e4 d6 5. Be2 O-O 6. Bg5 Nbd7 7. Qd2 e5 8. d5
Nc5 9. f3 h6 10. Bh4 a5 11. O-O-O Bd7 12. g4 Kh7 13. Bf2 Ne8 14. h4 f5 15. h5
f4 16. hxg6+ Kxg6 17. Nh3 Bf6 18. g5 hxg5 19. Nxg5 Bxg5 20. Rdg1 Kf7 21. Rh5
Bf6 22. Rh7+ Ng7 23. Rgh1 Rg8 24. Qe1 Qe7 25. R1h6 Bg5 26. Rh2 Be8 27. Qg1 Nd7
28. Bf1 Nf8 29. R7h4 Bd7 30. Bh3 Bxh4 31. Bxh4 Qxh4 32. Be6+ Ngxe6 33. dxe6+
Nxe6 34. Qxg8+ Rxg8 0-1

[Event "Paignton Premier 45th"]
[Site "Paignton"]
[Date "1995.09.06"]
[Round "4.7"]
[White "Cock, John Crowle"]
[Black "Saunders, John C"]
[Result "1/2-1/2"]
[WhiteElo "1888"]
[BlackElo "2240"]
[PlyCount "80"]
[EventDate "1995.09.03"]
[EventType "swiss"]
[EventRounds "7"]
[EventCountry "ENG"]
[SourceTitle "BritBase"]
[Source "John Saunders"]
[SourceDate "2023.06.09"]
[SourceVersion "1"]
[SourceVersionDate "2023.06.09"]
[SourceQuality "1"]

1. e4 c6 2. d4 d5 3. Nc3 dxe4 4. Nxe4 Nd7 5. Nf3 Ngf6 6. Bd3 Nxe4 7. Bxe4 Nf6
8. Bd3 Bg4 9. c3 e6 10. h3 Bh5 11. O-O Qc7 12. g4 Bg6 13. Ne5 Bd6 14. f4 Bxd3
15. Qxd3 O-O-O 16. Qe2 c5 17. dxc5 Bxc5+ 18. Kh2 Nd5 19. Bd2 Bd6 20. c4 Nb4 21.
Bxb4 Bxb4 22. Rad1 Bd6 23. c5 Bxe5 24. Qxe5 Rxd1 25. Rxd1 Rd8 26. Rd6 Rxd6 27.
cxd6 Qc4 28. f5 Kd7 29. fxe6+ Qxe6 30. Qb5+ Kxd6 31. Qxb7 Qxa2 32. Qb4+ Kc6 33.
Qc3+ Kb5 34. Qxg7 Qb3 35. Qe5+ Kc6 36. Qe8+ Kc7 37. Qe5+ Kb7 38. Qe7+ Kb6 39.
Qf6+ Kb7 40. Qe7+ Kb6 {Source: John Saunders} 1/2-1/2

[Event "Paignton Premier 45th"]
[Site "Paignton"]
[Date "1995.09.06"]
[Round "4.8"]
[White "Crickmore, Neil EG"]
[Black "Southall, Andrew C"]
[Result "1/2-1/2"]
[WhiteElo "2160"]
[BlackElo "2192"]
[PlyCount "81"]
[EventDate "1995.09.03"]
[EventType "swiss"]
[EventRounds "7"]
[EventCountry "ENG"]
[SourceTitle "BritBase"]
[Source "John Saunders"]
[SourceDate "2023.06.09"]
[SourceVersion "1"]
[SourceVersionDate "2023.06.09"]
[SourceQuality "1"]

1. d4 Nf6 2. c4 c5 3. d5 e6 4. Nc3 exd5 5. cxd5 d6 6. e4 g6 7. f4 Bg7 8. Bb5+
Nbd7 9. e5 dxe5 10. fxe5 Nh5 11. e6 Qh4+ 12. g3 Nxg3 13. hxg3 Qxh1 14. Be3
Bxc3+ 15. bxc3 a6 16. exd7+ Bxd7 17. Bxd7+ Kxd7 18. Qf3 Qxf3 19. Nxf3 Rhe8 20.
Kf2 c4 21. Bb6 Kd6 22. Rd1 f6 23. Rd4 Re7 24. Nd2 Rae8 25. Nxc4+ Kd7 26. Rd2
Rc8 27. d6 Re6 28. Rd4 Rce8 29. Bc7 Re2+ 30. Kf3 h5 31. Nb6+ Kc6 32. Nd5 g5 33.
g4 h4 34. d7 Kxd7 35. Ne3+ Kxc7 36. Kxe2 Re5 37. Kf2 Kc6 38. Rc4+ Kd7 39. Rd4+
Ke6 40. Rb4 b5 41. Rd4 1/2-1/2